Top 25 Landen Olympic Spelen 2024 - Statistieken

Algemene statistieken
  • Deze quiz is 76 keer genomen
  • De gemiddelde score is 14 van 25
Antwoordstatistieken
Rank Land Goud Silver Brons Totaal % Correct
2 China 40 27 24 91
90%
5 Frankrijk 16 26 22 64
90%
10 Duitsland 12 13 8 33
86%
6 Nederland 15 7 12 34
86%
3 Japan 20 12 13 45
84%
25 België 3 1 6 10
80%
15 Spanje 5 4 9 18
80%
9 Italië 12 13 15 40
75%
1 Verenigde Staten 40 44 42 126
75%
16 Zweden 4 4 3 11
69%
20 Brazilië 3 7 10 20
65%
18 Noorwegen 4 1 3 8
65%
12 Canada 9 7 11 27
63%
8 Zuid-Korea 13 9 10 32
55%
4 Australië 18 19 16 53
53%
11 Nieuw-Zeeland 10 7 3 20
51%
22 Oekraïne 3 5 4 12
49%
19 Ierland 4 0 3 7
37%
17 Kenia 4 2 5 11
37%
14 Hongarije 6 7 6 19
35%
23 Roemenië 3 4 2 9
31%
21 Iran 3 6 3 12
27%
7 Great Britain 14 22 29 65
18%
24 Georgië 3 3 1 7
10%
13 Oezbekistan 8 2 3 13
8%
Geen overeenkomende quizzen gevonden
Scoreverdeling
Procent van Mensen met Elke Score
Percentiel versus Aantal Correcte Antwoorden
Uw Scoregeschiedenis
U heeft deze quiz nog niet genomen